[Event "Imperia op 30th"]
[Site "Imperia"]
[Date "1988.09.09"]
[Round "6.22"]
[White "Faraci, Antonino"]
[Black "Streiter, Gerhard"]
[Result "1/2-1/2"]
[WhiteElo "2034"]
[BlackElo "2000"]
[PlyCount "34"]
[EventDate "1988.09.04"]
[EventType "swiss"]
[EventRounds "8"]
[EventCountry "ITA"]
[SourceTitle "EXT 2024"]
[Source "ChessBase"]
[SourceDate "2023.10.10"]
[SourceVersion "1"]
[SourceVersionDate "2023.10.10"]
[SourceQuality "1"]

1. e4 e5 2. Nf3 Nc6 3. Bb5 Nd4 4. Nxd4 exd4 5. d3 Bc5 6. 0-0 c6 7. Ba4 Ne7 8. f4 f5 9. Nd2 0-0 10. Nf3 d5 11. Bb3 Kh8 12. e5 Qe8 13. Kh1 Ng8 14. c3 dxc3 15. bxc3 Be6 16. d4 Be7 17. Bc2 a5 1/2-1/2